000 01352nam0a22002651 4500
001 rc\214397
005 20260405124150.0
010 _a5-7679-0041-8
_9100
035 _a(NLR Aleph) 005463443
090 _a4977590
_c4977590
100 _a20030307d1996 |||y0rusy50 ca
101 0 _arus
102 _aRU
105 _aa |||||||||
200 1 _aТеория и технология изотермической штамповки анизотропных листовых материалов в режиме кратковременной ползучести
_eУчеб. пособие
_e[Для студентов направления 551800 "Технол. машины и оборуд.". Спец. 1204]
_fС.С. Яковлев, С.П. Яковлев
_gГос. ком. Рос. Федерации по высш. образованию. Тул. гос. ун-т
210 _aТула
_cТулГУ
_d1996
215 _a126 с.
_cил.
_d20
320 _aБиблиогр.: с. 121-122
700 1 _aЯковлев
_bС.С.
_gСергей Сергеевич
701 1 _8rus
_7ca
_aЯковлев
_bС. П.
_cд-р техн. наук, металлообработка
_f1934-2010
_gСергей Петрович
_3RU\NLR\AUTH\7749662
_932597
801 0 _aRU
_bNLR
_gpsbo
801 1 _aRU
_bELAR
_2rusmarc
852 _aNLR
_j96-3/11868
942 _cBOOK
980 _aNB